01091cam a22003013a 4500001000500000005001700005020001700022020001800039040002800057050001300085082000800098100001800106245011500124250003500239260003400274300003900308490005300347500003200400505000800432520013500440521002000575521002000595650003500615650002600650655003000676700003800706700004500744103620231123151633.0 a078073003990 a9780439408332 aOWLcOWLdLEOdDLCbeng00aPZ7.D128 a5041 aDadey, Debbie10aLeprechauns don't play fetch /cby Debbie Dadey and Marcia Thornton Jones ; illustrated by John Steven Gurney. a First printing, February 2003 aNew York :bScholastic,c2003 a84 pages :billustrations.;c20 cm1 aThe adventures of the Bailey School kidsvBook 9 a"A Little Apple paperback." aQ  aThere are some pretty weird grown-ups living in Bailey City, but could the owner of Clover Patch Pet Store really be a leprechaun?0 a670 bLexile 1 aQ bRaz-Plus  0aLeprechaunsvJuvenile fiction. 0aLeprechaunsvFiction. 7aChildren's stories.2lcsh1 aJones, Marcia Thornton.ecoauthro1 aGurney, John Steven,d1962-eillustrator